LEADER 00860nam0-22002651i-450- 001 990003877710403321 005 20070606112151.0 035 $a000387771 035 $aFED01000387771 035 $a(Aleph)000387771FED01 035 $a000387771 100 $a20030910d1997----km-y0itay50------ba 101 0 $aita 102 $aIT 200 1 $aAnalisi dele dichiarazioni dei redditi delle persone fisiche presentate nel 1994$eMod. 740-Mod.730-Mod. 770/A (ex Mod. 101) 210 $aRoma$cMinistero delle finanze$d1997 215 $a260 p.$d31 cm 710 01$aItalia.$bMinistero delle finanze$0356818 801 0$aIT$bUNINA$gRICA$2UNIMARC 901 $aBK 912 $a990003877710403321 952 $aC2-C5.93$b8723$fDECTS 959 $aDECTS 996 $aAnalisi dele dichiarazioni dei redditi delle persone fisiche presentate nel 1994$9516908 997 $aUNINA LEADER 01273nam--2200385---450- 001 990002155380203316 005 20100902102257.0 035 $a000215538 035 $aUSA01000215538 035 $a(ALEPH)000215538USA01 035 $a000215538 100 $a20041109d1984----km-y0itay0103----ba 101 0 $aita 102 $aIT 105 $aa|||||||001yy 200 1 $a<> bilancio di esercizio delle societą di capitali secondo la 4. direttiva C.E.E.$fNicola Di Cagno 205 $a2. ed 210 $aBari$cCacucci$d1984 215 $a140 p.$cill.$d24 cm 300 $aIn cop.: Istituto di ragioneria ed economia aziendale, Universitą di Bari 410 0$12001 454 1$12001 461 1$1001-------$12001 606 0 $aSocietą di capitali$xBilancio$xLegislazione comunitaria 676 $a341.750 614 700 1$aDI CAGNO,$bNicola$0116042 801 0$aIT$bsalbc$gISBD 912 $a990002155380203316 951 $aXXIII.4.K. 765 (X 1 VII 4)$b8060 E.C.$cXXIII.4.K. 765 (X 1 VII)$d00288655 959 $aBK 969 $aGIU 979 $aSIAV3$b10$c20041109$lUSA01$h1303 979 $aRSIAV2$b90$c20100902$lUSA01$h1022 996 $aBilancio di esercizio delle societą di capitali secondo la 4. direttiva C.E.E$91038374 997 $aUNISA LEADER 01485nam--2200409---450- 001 990003383350203316 005 20100419144704.0 035 $a000338335 035 $aUSA01000338335 035 $a(ALEPH)000338335USA01 035 $a000338335 100 $a20100329d1991----km-y0itay50------ba 101 $aita 102 $aIT 105 $a||||||||001yy 200 1 $a<> cittą metropolitana$espazio, tempo, velocitą per la cittą del 21. secolo$earea stretta, area larga, area di stanca, area colorata$ei dieci casi$eNapoli, 22-23 marzo 1991 210 $aNapoli$cUniversitą degli studi, Dipartimento di pianificazione e scienza del territorio$d1991 215 $a150 p.$cill.$d30 cm 300 $aIn cop.: Universitą degli Studi di Napoli, Dipartimento di pianificazione e scienza del territorio, etc. 410 0$12001 454 1$12001 461 1$1001-------$12001 606 0 $aUrbanistica$2BNCF 676 $a711 712 01$aUniversitą degli studi : Dipartimento di pianificazione e scienza del territorio 801 0$aIT$bsalbc$gISBD 912 $a990003383350203316 951 $aIII UR NAP 1$b8435 DBC$cIII UR 959 $aBK 969 $aDBC 979 $aDBC$b90$c20100329$lUSA01$h1520 979 $aDBC$b90$c20100329$lUSA01$h1521 979 $aDBC$b90$c20100329$lUSA01$h1522 979 $aDBC$b90$c20100329$lUSA01$h1523 979 $aDBC$b90$c20100419$lUSA01$h1447 996 $aCittą metropolitana$9264179 997 $aUNISA LEADER 01246cam0-22004091i-450 001 990007155730403321 005 20210726125801.0 010 $a88-348-8079-X 035 $a000715573 035 $aFED01000715573 035 $a(Aleph)000715573FED01 035 $a000715573 100 $a20021021d1998----km-y0itay50------ba 101 0 $aita 102 $aIT 105 $ay-------001yy 200 1 $aCodice delle telecomunicazioni$edisciplina comunitaria e nazionale in tema di telecomunicazioni e televisione$fLuca G. Radicati di Brozolo$gcon la collaborazione di Monica Dal Prą 210 $aTorino$cGiappichelli$d1998 215 $aXIV, 848 p.$d17 cm 225 1 $aCodici comunitari$v2 610 0 $aTelecomunicazioni$aLegislazione 676 $a343.450994$v20$zita 702 1$aDal Prą,$bMonica 702 1$aRadicati Di Brozolo,$bLuca G. 710 02$aUnione europea$0361259 801 0$aIT$bUNINA$gRICA$2UNIMARC 901 $aBK 912 $a990007155730403321 952 $aXXI A 35 (2$b3677$fDDCIC 952 $a22-M-277$b11431$fDDCP 952 $aVI Z 534$b5413$fDDA 959 $aDDA 959 $aDDCIC 959 $aDDCP 996 $aCodice delle telecomunicazioni$9690847 997 $aUNINA DB $aGEN01 LEADER 01479nam0-22004931i-450 001 990006816850403321 005 20230912121403.0 010 $a88-420-4440-7 035 $a000681685 035 $aFED01000681685 035 $a(Aleph)000681685FED01 100 $a20010426d1994----km-y0itay50------ba 101 0 $aita 102 $aIT 105 $ay-------001yy 200 1 $aNazione e nazionalitą in Italia$edall'alba del secolo ai nostri giorni$fA. Agnelli ... [et al.]$ga cura di Giovanni Spadolini 210 $aRoma ; Bari$cLaterza$d©1994 215 $aXII, 276 p.$d21 cm 225 1 $aBiblioteca di cultura moderna$v1062 610 0 $aItalia$aIdentitą nazionale e separatismo 610 0 $aItalia$aUnificazione 676 $a320.1 702 1$aAgnelli,$bArduino$f<1932- > 702 1$aSpadolini,$bGiovanni$f<1925-1994> 801 0$aIT$bUNINA$gRICA$2UNIMARC 901 $aBK 912 $a990006816850403321 952 $aDP VIII-172$b13373$fDEC 952 $aXI D AA.VV. 146$b245$fDFD 952 $aCOLLEZ. 13 (1062)$b26843$fFSPBC 952 $aCOLL. 40(1062)$bBibl.16093$fFLFBC 952 $aDFT C35 SPAG 35$fFLFBC 952 $aXXVII 381$b123$fDDCIC 952 $aSE 107.06.04-$b4275$fDECSE 952 $a19300 SPA$b14781$fSES 959 $aDEC 959 $aFSPBC 959 $aFLFBC 959 $aDDCIC 959 $aDECSE 959 $aSES 959 $aDFD 996 $aNazione e nazionalitą in Italia$9634479 997 $aUNINA LEADER 03269nam 2200697Ia 450 001 9911019396403321 005 20200520144314.0 010 $a9786613620484 010 $a9781280590658 010 $a1280590653 010 $a9780470719800 010 $a047071980X 010 $a9780470717455 010 $a0470717459 035 $a(CKB)1000000000688017 035 $a(EBL)703822 035 $a(OCoLC)775868341 035 $a(SSID)ssj0000715279 035 $a(PQKBManifestationID)11454826 035 $a(PQKBTitleCode)TC0000715279 035 $a(PQKBWorkID)10700483 035 $a(PQKB)10713498 035 $a(MiAaPQ)EBC703822 035 $a(Perlego)2766843 035 $a(EXLCZ)991000000000688017 100 $a20720612d1971 uy 0 101 0 $aeng 135 $aur|n|---||||| 181 $ctxt 182 $cc 183 $acr 200 10$aPyrogens and fever /$fedited by G. E. W. Wolstenholme and Joan Birch 210 $aEdinburgh $cChurchill Livingstone$d1971 215 $a1 online resource (248 p.) 225 1 $aNovartis Foundation Symposia 300 $a"A Ciba Foundation symposium." 311 08$a9780470662854 311 08$a0470662859 311 08$a9780700015047 311 08$a0700015043 320 $aIncludes bibliographical references and index. 327 $aPYROGENS AND FEVER; Contents; Note on terminology; Chairman's opening remarks; Some physiological and clinical aspects of pyrogens; Discussion; Production, chemistry and properties of bacterial pyrogens and endotoxins; Discussion; The significant immunological features of bacterial endotoxins; Discussion; Purification of an endogenous pyrogen, with an appendix on assay methods; Discussion; Role of leucocytes in fever; Discussion; Mechanism of action of pyrogenic and antipyretic steroids in vitro; Discussion; On the mechanism of action of pyrogens; Discussion 327 $aHypothalamic mechanisms of pyrogen action in the cat and monkeyDiscussion; Relevance of experimental observations to pyrexia in clinical situations; Discussion; The mechanism of action of antipyretics; Discussion; Pharmaceutical aspects of pyrogens in hospital and industry; Discussion; The dilemma of quantitation in the test for pyrogens; Discussion; General discussion; Author index; Subject index 330 8 $aThe Novartis Foundation Series is a popular collection of the proceedings from Novartis Foundation Symposia, in which groups of leading scientists from a range of topics across biology, chemistry and medicine assembled to present papers and discuss results. The Novartis Foundation, originally known as the Ciba Foundation, is well known to scientists and clinicians around the world. 410 0$aNovartis Foundation Symposia 606 $aPyrogens$vCongresses 606 $aFever$vCongresses 615 0$aPyrogens 615 0$aFever 676 $a616.9/26/014 701 $aWolstenholme$b G. E. W$g(Gordon Ethelbert Ward)$063039 701 $aBirch$b Joan$0896374 712 02$aCiba Foundation. 712 12$aSymposium on Pyrogens and Fever 801 0$bMiAaPQ 801 1$bMiAaPQ 801 2$bMiAaPQ 906 $aBOOK 912 $a9911019396403321 996 $aPyrogens and fever$92002563 997 $aUNINA